LEADER 02894nam 2200601 450 001 996466410903316 005 20230619194724.0 010 $a3-030-75039-6 024 7 $a10.1007/978-3-030-75039-8 035 $a(CKB)5470000000556814 035 $a(DE-He213)978-3-030-75039-8 035 $a(MiAaPQ)EBC6613140 035 $a(Au-PeEL)EBL6613140 035 $a(OCoLC)1251507712 035 $a(PPN)255888481 035 $a(EXLCZ)995470000000556814 100 $a20220122d2021 uy 0 101 0 $aeng 135 $aurnn#008mamaa 181 $ctxt$2rdacontent 182 $cc$2rdamedia 183 $acr$2rdacarrier 200 10$aModelling of complex signals in nerves /$fJu?ri Engelbrecht, Kert Tamm and Tanel Peets 205 $a1st ed. 2021. 210 1$aCham, Switzerland :$cSpringer,$d[2021] 210 4$d©2021 215 $a1 online resource (XIII, 186 p. 66 illus.) 300 $aIncludes index. 311 $a3-030-75038-8 327 $aIntroduction -- Part I Complexity and Waves -- Part II Dynamical Processes in Nerve Axons -- Part III Modelling of Dynamical Physiological Processes -- Appendix: The Numerical Scheme -- Index. . 330 $aThis book describes fundamental physical principles, together with their mathematical formulations, for modelling the propagation of signals in nerve fibres. Above all, it focuses on the complex electro-mechano-thermal process that produces an ensemble of waves composed of several components, besides the action potential. These components include mechanical waves in the biomembrane and axoplasm, together with the temperature change. Pursuing a step-by-step approach, the content moves from physics and mathematics, to describing the physiological effects, and finally to modelling the coupling effects. The assumptions and hypotheses used for modelling, as well as selected helpful concepts from continuum mechanics, are systematically explained, and the modelling is illustrated using the outcomes of numerical simulation. The book is chiefly intended for researchers and graduate students, providing them with a detailed description of how to model the complex physiological processes in nerve fibres. 606 $aBiomathematics 606 $aStatistical physics 606 $aMathematics 606 $aBiomatemàtica$2thub 606 $aFísica estadística$2thub 608 $aLlibres electrònics$2thub 615 0$aBiomathematics. 615 0$aStatistical physics. 615 0$aMathematics. 615 7$aBiomatemàtica 615 7$aFísica estadística 676 $a571.4 700 $aEngelbrecht$b Ju?ri$0344257 702 $aPeets$b Tanel 702 $aTamm$b Kert 801 0$bMiAaPQ 801 1$bMiAaPQ 801 2$bMiAaPQ 906 $aBOOK 912 $a996466410903316 996 $aModelling of Complex Signals in Nerves$91984984 997 $aUNISA LEADER 03341nam 2200613 450 001 9910825242303321 005 20200520144314.0 010 $a3-11-040083-9 010 $a3-11-040087-1 024 7 $a10.1515/9783110400830 035 $a(CKB)3710000000543561 035 $a(EBL)4230419 035 $a(DE-B1597)443571 035 $a(OCoLC)951147612 035 $a(DE-B1597)9783110400830 035 $a(Au-PeEL)EBL4230419 035 $a(CaPaEBR)ebr11137160 035 $a(CaONFJC)MIL881770 035 $a(OCoLC)935254336 035 $a(MiAaPQ)EBC4230419 035 $a(EXLCZ)993710000000543561 100 $a20160128h20152015 uy 0 101 0 $ager 135 $aur|n|---||||| 181 $2rdacontent 182 $2rdamedia 183 $2rdacarrier 200 00$aInternationale bibliographie zur germanistischen lexikographie und wo?rterbuchforschung$hBand 5$iSachregister $eMit Beru?cksichtigung anglistischer, nordistischer, romanistischer, slavistischer und weiterer metalexikographischer Forschungen /$fHerbert Ernst Wiegand (Hrsg.) ; bearbeitet von Werner Wolski 210 1$aBerlin, Germany ;$aBoston, [Massachusetts] :$cDe Gruyter,$d2015. 210 4$d©2015 215 $a1 online resource (692 p.) 225 0 $aInternationale Bibliographie zur germanistischen Lexikographie und Wörterbuchforschung ;$vBand 5 300 $aDescription based upon print version of record. 311 $a3-11-034095-X 327 $tFrontmatter -- $tVorwort -- $tInhaltsverzeichnis -- $tInhalt des ersten Teilbandes. Inhalt des zweiten Teilbandes -- $tInhalt des dritten Teilbandes. Inhalt des vierten Bandes -- $tVorbemerkung des Bearbeiters -- $tEinleitung des Bearbeiters -- $tRegisterstrecke A -- $tRegisterstrecke B -- $tRegisterstrecke C -- $tRegisterstrecke D -- $tRegisterstrecke E -- $tRegisterstrecke F -- $tRegisterstrecke G -- $tRegisterstrecke H -- $tRegisterstrecke I -- $tRegisterstrecke J -- $tRegisterstrecke K -- $tRegisterstrecke L -- $tRegisterstrecke M -- $tRegisterstrecke N -- $tRegisterstrecke O -- $tRegisterstrecke P -- $tRegisterstrecke Q -- $tRegisterstrecke R -- $tRegisterstrecke S -- $tRegisterstrecke T -- $tRegisterstrecke U -- $tRegisterstrecke V -- $tRegisterstrecke W -- $tRegisterstrecke X -- $tRegisterstrecke Y -- $tRegisterstrecke Z 330 $aDieser Band enthält das umfassende Register zur Internationalen Bibliographie zur germanistischen Lexikographie und Wörterbuchforschung. 330 $aThis volumes provides extensive indices accompanying the International Bibliography of German Lexicography and Dictionary Research. 606 $aGerman language$vDictionaries$vBibliography 606 $aGerman language$xLexicography$vBibliography 606 $aLexicography$xResearch$vBibliography 615 0$aGerman language 615 0$aGerman language$xLexicography 615 0$aLexicography$xResearch 676 $a016.43309032 700 $aWiegand$b Herbert Ernst, $4aut$4http://id.loc.gov/vocabulary/relators/aut$0165134 702 $aWiegand$b Herbert Ernst 702 $aWolski$b Werner 801 0$bMiAaPQ 801 1$bMiAaPQ 801 2$bMiAaPQ 906 $aBOOK 912 $a9910825242303321 996 $aInternationale bibliographie zur germanistischen lexikographie und wo?rterbuchforschung$93952309 997 $aUNINA LEADER 02156nim 2200397Ka 450 001 9910159475403321 005 20250814103520.7 010 $a2-8211-0548-7 035 $a(CKB)3710000001019959 035 $a(ODN)ODN0003037377 035 $a(EXLCZ)993710000001019959 100 $a20190618d2016 uy 0 101 0 $afre 135 $auruna---||||| 181 $cspw$2rdacontent 182 $cs$2rdamedia 182 $cc$2rdamedia 183 $acr$2rdacarrier 200 10$a100 citations d'arthur schopenhauer $eCollection 100 citations. /$fArthur Schopenhauer 205 $aUnabridged. 210 $aCopenhagen K. $cSAGA Egmont$d2016 215 $a1 online resource (1 audio file) $cdigital 300 $aUnabridged. 330 $aLa philosophie d'Arthur Schopenhauer est sombre, pessimiste, parfois brutale, mais ne s'empêche pas de résonner d'un rire sarcastique. Dans son oeuvre majeure, le Monde comme Volonté et Représentation, Schopenhauer démontre que le libre-arbitre individuel est illusoire, sachant que la seule Volonté qui compte n'est que celle de l'espèce qui tend à se reproduire pour perdurer. Il développe cette position jusqu'au bout dans l'ironique Métaphysique de l'amour, pour en tirer des conclusions souvent hilarantes. Sa Dialectique éristique est plus connue sous le titre "L'Art d'avoir toujours raison" : c'est un manuel d'autodéfense satirique qui contient toutes les armes pour sortir victorieux d'une discussion - des plus logiques aux plus contestables. Cette sélection de 100 citations vous fera découvrir cette pensée majeure sous toutes ses facettes, du plus profond au plus drôle, en passant par les domaines de l'esthétique, de la rhétorique, ou des femmes. 517 $a100 citations d'Artur Schopenhauer 606 $aNonfiction$2OverDrive 606 $aPhilosophy$2OverDrive 615 17$aNonfiction. 615 7$aPhilosophy. 686 $aPHI000000$2bisacsh 700 $aSchopenhauer$b Arthur$0134228 701 $aBlandin$b Patrick$01230477 906 $aAUDIO 912 $a9910159475403321 996 $a100 citations d'arthur schopenhauer$94428235 997 $aUNINA